书目信息 |
| 题名: |
公墓和骨灰寄存建筑设计规范
|
|
| 作者: | ;中华人民共和国住房和城乡建设部 主编 | |
| 分册: | ||
| 出版信息: | 北京 中国建筑工业出版社 2017 |
|
| 页数: | 51页 | |
| 开本: | 21cm | |
| 丛书名: | 中华人民共和国行业标准 | |
| 单 册: | ||
| 中图分类: | TU251.6-65 | |
| 科图分类: | ||
| 主题词: | 公墓--Gong Mu--建筑设计--设计规范--中国 , 丧葬建筑--Sang Zang Jian Zhu--建筑设计--设计规范--中国 | |
| 电子资源: | ||
| ISBN: | 15112·28977 | |
| 000 | 01296nam 2200277 450 | |
| 001 | 0100004165 | |
| 005 | 20190319082932.62 | |
| 010 | @a15112·28977@dCNY10.00 | |
| 100 | @a20171102d2017 ekmy0chiy50 ea | |
| 101 | 0 | @achi |
| 102 | @aCN@b110000 | |
| 105 | @aak l 000yy | |
| 200 | 1 | @a公墓和骨灰寄存建筑设计规范@AGong Mu He Gu Hui Ji Cun Jian Zhu She Ji Gui Fan@eJGJ/T 397-2016@d= Code for design of public cemetery and ashes depositing building@f批准部门中华人民共和国住房和城乡建设部@zeng |
| 210 | @a北京@c中国建筑工业出版社@d2017 | |
| 215 | @a51页@c图@d21cm | |
| 225 | 2 | @a中华人民共和国行业标准@AZhong Hua Ren Min Gong He Guo Hang Ye Biao Zhun |
| 300 | @a中华人民共和国住房和城乡建设部于2016-11-15发布, 2017-05-01实施 备案号J 2288-2016 | |
| 314 | @a本规范主编单位哈尔滨工业大学, 西安建筑科技大学建筑设计研究院 ; 主要起草人: 李桂文 ... [等] | |
| 410 | 0 | @12001 @a中华人民共和国行业标准 |
| 510 | 1 | @aCode for design of public cemetery and ashes depositing building@zeng |
| 606 | 0 | @a公墓@AGong Mu@x建筑设计@x设计规范@y中国 |
| 606 | 0 | @a丧葬建筑@ASang Zang Jian Zhu@x建筑设计@x设计规范@y中国 |
| 690 | @aTU251.6-65@v5 | |
| 711 | 02 | @a中华人民共和国住房和城乡建设部@4主编 |
| 801 | 0 | @aCN@b大连网信软件有限公司图书馆·11@c20190319 |
| 905 | @a河南城建学院图书馆@dTU251.6-65@eZ672 | |
| 公墓和骨灰寄存建筑设计规范:JGJ/T 397-2016= Code for design of public cemetery and ashes depositing building/批准部门中华人民共和国住房和城乡建设部.-北京:中国建筑工业出版社,2017 |
| 51页:图;21cm.-(中华人民共和国行业标准) |
| 中华人民共和国住房和城乡建设部于2016-11-15发布, 2017-05-01实施 备案号J 2288-2016 |
| ISBN 15112·28977:CNY10.00 |
| ● |
| 相关链接 |
|
|
|
正题名:公墓和骨灰寄存建筑设计规范
索取号:TU251.6-65/Z672
 
预约/预借
| 序号 | 登录号 | 条形码 | 馆藏地/架位号 | 状态 | 备注 |
| 1 | 1305688 | 213056887 | 建筑库101/101建筑库 72排2列1层/ [索取号:TU251.6-65/Z672] | 在馆 | |
| 2 | 1338762 | 213387627 | 建筑库101/101建筑库 72排2列1层/ [索取号:TU251.6-65/Z672] | 在馆 | |
| 3 | 1338763 | 213387636 | 建筑库101/101建筑库 72排2列1层/ [索取号:TU251.6-65/Z672] | 在馆 |